| 000 | 02054cam a2200445 a 4500 | ||
|---|---|---|---|
| 001 | 14725169 | ||
| 005 | 20070725105737.0 | ||
| 008 | 070206s2007 enkb b 001 0 eng | ||
| 010 | _a2007295522 | ||
| 015 |
_aGBA672050 _2bnb |
||
| 016 | 7 |
_a013536958 _2Uk |
|
| 020 | _a0521858364 (hbk.) | ||
| 020 | _a9780521858366 (hbk.) | ||
| 035 | _a(OCoLC)ocm71164298 | ||
| 035 | _a(OCoLC)71164298 | ||
| 040 |
_aUKM _cUKM _dBAKER _dBWKUK _dYDXCP _dDLC |
||
| 042 | _alccopycat | ||
| 043 | _aa-su--- | ||
| 050 | 0 | 0 |
_aDS215 _b.A385 2007 |
| 082 | 0 | 4 |
_a320.9538 _222 _bRAS |
| 100 | 1 |
_aAl-Rasheed, Madawi. _917553 |
|
| 245 | 1 | 0 |
_aContesting the Saudi State : _bIslamic Voices from a New Generation / _cMadawi Al-Rasheed. |
| 260 |
_aCambridge, UK ; _aNew York : _bCambridge University Press, _c2007. |
||
| 300 |
_axxi, 308 p. : _bmaps ; _c24 cm. |
||
| 490 | 0 |
_911831 _aCambridge Middle East studies ; _v25 |
|
| 504 | _aIncludes bibliographical references (p. 263-302) and indexes. | ||
| 541 | _aDr. Bassem Ahmed ; | ||
| 650 | 0 |
_aSaudi Arabia _xIntellectual life _y20th century. _917554 |
|
| 650 | 0 |
_aSaudi Arabia _xIntellectual life _y21st century. _917555 |
|
| 650 | 0 |
_aDissenters _zSaudi Arabia. _917556 |
|
| 650 | 0 |
_aPolitical culture _zSaudi Arabia. _917557 |
|
| 650 | 0 |
_aIslam and politics _zSaudi Arabia. _917558 |
|
| 651 | 0 |
_aSaudi Arabia _xPolitics and government _y21st century. _917559 |
|
| 856 | 4 | 2 |
_3Publisher description _uhttp://www.loc.gov/catdir/enhancements/fy0708/2007295522-d.html |
| 856 | 4 | 1 |
_3Table of contents only _uhttp://www.loc.gov/catdir/enhancements/fy0708/2007295522-t.html |
| 856 | 4 | 2 |
_3Contributor biographical information _uhttp://www.loc.gov/catdir/enhancements/fy0733/2007295522-b.html |
| 942 |
_2ddc _cBB |
||
| 999 |
_c14677 _d14677 |
||